01551cam a22003015i 450000100090000000300090000900500170001800800410003502000430007604000430011908200190016210000330018124502220021426400630043626400100049930000460050933600260055533700280058133800270060950400520063650503280068865000270101665300200104365500240106394200120108799900170109995201330111618456984EG-ScBUE20251207100418.0150116t2015 flua f b 001 0 eng d a9781439883303 (hardcover : alk. paper) aEG-ScBUEbengerdacEG-ScBUEdEG-ScBUE04a548.5222bBHA1 aBhat, H. L.,938087eauthor.10aIntroduction to crystal growth :bprinciples and practice /cH. L. Bhat, former professor of physics, Indian Institute of Science, Bangalore and visiting professor, Centre for Nano and Soft Matter Sciences, Bangalore. 1aBoca Raton : bCRC Press / Taylor & Francis Group,c[2015] 4cc2015 axvii, 328 pages :billustrations ;c25 cm 2rdacontentatextbtxt aunmediated2rdamediabn avolumebnc2rdacarrier aIncludes bibliographical references and index. 0 aNucleation phenomena -- Crystal growth mechanisms-- Defects in crystals -- Dislocations and crystal growth -- Phase diagrams and crystal growth -- Growth from the solid phase -- Growth from the melts -- Growth from liquid solutions -- Crystal growth from the vapor phase -- Growth of thin films -- Crystal characterization. 7aCrystal growth.2BUEsh bENGGENcMay2015 vReading book934232 2ddccBB c19445d19417 00102ddc40708BaccahaMAINbMAINc1STd2015-05-26epurchaseg680.00l0o548.5 BHAp000038330r2025-07-15 00:00:00v850.00yBB